[Event "Minsk op"]
[Site "Minsk"]
[Date "2023.11.06"]
[Round "4"]
[White "Luhinin, Maksim"]
[Black "Tarasenia, Arseni"]
[Result "1-0"]
[WhiteElo "1399"]
[BlackElo "1167"]
[PlyCount "41"]
[EventDate "2023.11.03"]
[EventType "swiss"]
[EventRounds "9"]
[EventCountry "BLR"]
[SourceTitle "CB46_2023"]
[SourceDate "2023.11.15"]
[SourceVersion "1"]
[SourceVersionDate "2023.11.15"]
[SourceQuality "1"]

1. e4 c5 2. Nc3 Nc6 3. f4 e6 4. Nf3 d5 5. Bb5 d4 6. Bxc6+ bxc6 7. Na4 Nf6 8. e5 Nd5 9. g3 Ba6 10. b3 Be7 11. d3 Bb5 12. Nb2 Nc3 13. Qd2 Qa5 14. 0-0 h6 15. Qe1 Ne2+ 16. Qxe2 0-0-0 17. Qe4 Qc7 18. Nd2 g5 19. Ndc4 gxf4 20. Bxf4 Bg5 21. Nd6+ 1-0